000 00406nam a2200157Ia 4500
008 210716s2004 xx 000 0 und d
020 _a8176496782
041 _aeng
082 _a158.4 MADR
100 _aMddux, Robert B.
245 _aTeam building: an exercise in leadership.
_bExercise in leadership.
250 _a3
260 _aNew Delhi
_bViva Books
_c2004
300 _aiii,77
650 _aNone
999 _c186220
_d186220